000 00692nam a2200253Ia 4500
003 OSt
005 20221005024233.0
006 a|||||r|||| 00| 0
007 ta
008 221004b |||||||| |||| 00| 0 eng d
024 _a36156
037 _cTextual
040 _aCRL
_cCRL
_beng
041 _2eng
_aeng
082 _aN82, J8
100 _aBandoypadhyaya Shripada
_9580319
245 0 _aMusic of India
_b A popular handbook of Hindustani music
260 _aBombay
_bTreasure House Of Book India
_c1958
300 _a84p
_ccm.
650 _a ARTS
650 _aMUSIC
_917402
942 _hN82, J8
_cTEXL
_2cc
999 _c932527
_d932527